Georgian Diaspora - Statistics

General Stats
  • This quiz has been taken 203 times
  • The average score is 8 of 10
Answer Stats
Ethnic Georgians Country % Correct
157,803 Russia
99%
100,000-1,500,000 Turkey
97%
10,000-15,000 United Kingdom
96%
34,199 Ukraine
91%
10,000 France
90%
4,500-5,000 Germany
88%
27,400 Greece
80%
100,000 Iran
78%
3,700-4,000 Belarus
64%
5,000-6,000 Cyprus
36%
No matching quizzes found
Score Distribution
Percent of People with Each Score
Percentile by Number Answered
Your Score History
You have not taken this quiz